000 00665cam a2200241 a 4500
999 _c9478
_d9478
003 BD-JhCC
005 20180315095552.0
008 890214s1966 enk 000 0 eng d
035 _a(BD-JhCC)8763
035 _a2234698
040 _aANL
_cANL
_dBD-JhCC
041 _aeng
082 0 4 _a820.9
_bSAI 1943
100 1 _aSaintsbury, George
245 1 2 _aA short history of English literature /
_cGeorge Saintsbury,
260 _aMacmillan :
_bST Martin's Press,
_c1966
300 _a817 p. :
_c19 cm.
490 0 _aPelican Books
504 _aIncludes index.
650 0 _aEnglish literature
_xHistory and criticism.
942 _2ddc
_cBK